000 00344nas a2200157 a 4500
001 77337
003 152774
005 20201118111437.0
008 ||||||n9999 ||| || ||
245 0 _aTime - Vol.155 No.26
260 _aEstados Unidos :
562 _e1
773 _021966
_aTime
942 _cSISS
999 _c77337
_d77337